50s monster movies - Statistics

General Stats
  • This quiz has been taken 39 times
  • The average score is 8 of 38
Answer Stats
Year Movie % Correct
1954 Godzilla
69%
1957 Curse of frankenstein
65%
1958 The blob
62%
1958 Frankenstein 1970
58%
1958 Horror of dracula
54%
1954 Creature from the black lagoon
50%
1955 Revenge of the creature
46%
1954 Them
46%
1959 The mummy
46%
1958 Return of the fly
31%
1953 It came from outer space
27%
1957 I was a teenage werewolf
23%
1956 Rodan
23%
1955 Tarantula
23%
1951 The thing from another world
23%
1957 20 million miles to earth
19%
1953 The beast from 20.000 fathoms
19%
1955 It came from beneath the sea
15%
1955 This island earth
15%
1958 Attack of the 50 foot woman
12%
1955 Godzilla raids again
12%
1959 The tingler
12%
1957 The black scorpion
8%
1956 The creature walks among us
8%
1958 Fiend without a face
4%
1958 I married a monster from outer space
4%
1959 Plan 9 from outer space
4%
1959 Terror is a man
4%
1955 The phantom from 10,000 leagues
4%
1956 The trollenberg terror
4%
1957 Attack of the crab monsters
0%
1958 It! The terror from beyond space
0%
1957 Night of the demon
0%
1957 The abonimble snowman
0%
1959 The beast from the haunted cave
0%
1959 The monster of piedras blancas
0%
1955 The quatermass xperiment
0%
1956 X: the unknown
0%
No matching quizzes found
Score Distribution
Percent of People with Each Score
Percentile by Number Answered
Your Score History
You have not taken this quiz